000 00528nam a2200193Ia 4500
003 GCL
008 140319s9999 xx 000 0 ara d
040 _aGCL /
_cGCL
082 0 4 _a813.01
_bع ط
100 1 _aعائد خصباك
245 1 0 _aالطائر والنهر /
_cعائد خصباك
300 _a89 ص
490 _aمختارات الفصول
_v0
650 0 4 _aالادب العربى
650 0 4 _aالقصص العربية
650 0 4 _aالادب
650 0 4 _aالقصة القصيرة
942 _2ddc
_cBK
999 _c42211
_d42211